书目信息 |
| 题名: |
甲醇生产操作问答
|
|
| 作者: | 冯元琦 , 李关云 编著 | |
| 分册: | ||
| 出版信息: | 北京 化学工业出版社 2008 |
|
| 页数: | 565页 | |
| 开本: | 21cm | |
| 丛书名: | ||
| 单 册: | ||
| 中图分类: | TQ223.12 | |
| 科图分类: | ||
| 主题词: | 甲醇--生产工艺 , 甲醇 | |
| 电子资源: | ||
| ISBN: | 978-7-122-02105-2 | |
| 000 | 00906nam0 2200265 45 | |
| 001 | 1050786031 | |
| 005 | 20100420095900.49 | |
| 010 | @a978-7-122-02105-2@dCNY38.00 | |
| 100 | @a20100408d2008 em y0chiy0120 ea | |
| 101 | 0 | @achi |
| 102 | @aCN@b110000 | |
| 105 | @aa z 000yy | |
| 106 | @ar | |
| 200 | 1 | @a甲醇生产操作问答@AJia Chun Sheng Chan Cao Zuo Wen Da@f冯元琦,李关云编著@FFeng Yuan Qi, Li Guan Yun Bian Zhu |
| 205 | @a2版 | |
| 210 | @a北京@c化学工业出版社@d2008 | |
| 215 | @a565页@c图@d21cm | |
| 330 | @a本书以问答的形式系统地介绍了甲醇原料气的制备、气体净化、甲烷及烃类气的转化、甲醇原料气中氢碳比的调控、甲醇的合成、甲醇生产的分析检测等生产技术内容。 | |
| 606 | 0 | @a甲醇@x生产工艺 |
| 606 | 0 | @a甲醇 |
| 690 | @aTQ223.12@v4 | |
| 701 | 0 | @a冯元琦@AFeng Yuan Qi@4编著 |
| 701 | 0 | @a李关云@ALi Guan Yun@4编著 |
| 801 | 0 | @aCN@bTANGWEI@c20100420 |
| 905 | @b0590446-48@dTQ223.12@e26=2@f3 | |
| 甲醇生产操作问答/冯元琦,李关云编著.-2版.-北京:化学工业出版社,2008 |
| 565页:图;21cm |
| ISBN 978-7-122-02105-2:CNY38.00 |
| 本书以问答的形式系统地介绍了甲醇原料气的制备、气体净化、甲烷及烃类气的转化、甲醇原料气中氢碳比的调控、甲醇的合成、甲醇生产的分析检测等生产技术内容。 |
| ● |
| 相关链接 |
|
|
|
|
正题名:甲醇生产操作问答
索取号:TQ223.12/26=2
 
预约/预借
| 序号 | 登录号 | 条形码 | 馆藏地/架位号 | 状态 | 备注 |
| 1 | 0590446 | 205904468 | 第二样本阅览室/ [索取号:TQ223.12/26=2] | 在馆 | |
| 2 | 0590447 | 205904477 | 第三借阅区/ [索取号:TQ223.12/26=2] | 在馆 | |
| 3 | 0590448 | 205904486 | 化学系资料室/ [索取号:TQ223.12/26=2] | 在馆 |